000 00335nam a22001457a 4500
008 221020b ||||| |||| 00| 0 eng d
020 _a9780781780261
041 _aeng
080 _2SIXTH EDITION
_a610.73
082 _a610.73 CRA
100 _a8
101 _aINF
245 _aFUNDAMENTALS OF NURSING
_cCRAVEN R
942 _2udc
_cBK
999 _c58618
_d58618